Statistics for All Countries by Northernmost Point on Land

Click here to take the quiz!

General Stats

  • This quiz has been taken 3,320 times
    (1,487 since last reset)
  • The average score is 101 of 196

Answer Stats

Latitude and continentCountry% Correct
83°06'N - North AmericaCanada
100%
81°51'N - Asia/EuropeRussia
100%
80°49'N - EuropeNorway
99%
71°23'N - North AmericaUnited States
99%
70°05'N - EuropeFinland
98%
69°04'N - EuropeSweden
98%
67°08'N - EuropeIceland
97%
59°48'N - EuropeEstonia
95%
58°05'N - EuropeLatvia
95%
60°51'N - Europe - first below arctic circle (66°33′39″N)United Kingdom
95%
57°45'N - EuropeDenmark
94%
56°27'N - EuropeLithuania
94%
56°08'N - EuropeBelarus
92%
55°06'N - AsiaKazakhstan
90%
55°03'N - EuropeGermany
89%
55°26'N - EuropeIreland
89%
53°34'N - AsiaChina
88%
54°50'N - EuropePoland
88%
53°32'N - EuropeNetherlands
87%
52º09'N - AsiaMongolia
86%
51°50'N - EuropeBelgium
85%
52º22'N - EuropeUkraine
85%
51°02'N - EuropeCzech Republic
84%
51°05'N - EuropeFrance
84%
50°11'N - EuropeLuxembourg
83%
49°01'N - EuropeAustria
82%
49°36'N - EuropeSlovakia
82%
48°35'N - EuropeHungary
81%
45°43'N - EuropeBosnia and Herzegovina
80%
46°33'N - EuropeCroatia
80%
47°05'N - EuropeItaly
80%
47°14'N - EuropeLiechtenstein
80%
48°28'N - EuropeMoldova
80%
48°15'N - EuropeRomania
80%
46°11'N - EuropeSerbia
80%
46°52'N - EuropeSlovenia
80%
47°48'N - EuropeSwitzerland
80%
45°36'N - AsiaUzbekistan
79%
44°13'N - EuropeBulgaria
78%
45°31'N - AsiaJapan
78%
43°59'N - EuropeSan Marino
77%
43º47'N - EuropeSpain
76%
42°06'N - Asia/EuropeTurkey
76%
43°25'N - EuropeKosovo
75%
43°32'N - EuropeMontenegro
75%
43°45'N - EuropeMonaco
74%
43°35'N - AsiaGeorgia
73%
42°30'N - EuropeAlbania
72%
42°39'N - EuropeAndorra
72%
41°43'N - EuropeGreece
72%
43°16'N - AsiaKyrgyzstan
72%
42°21'N - EuropeNorth Macedonia
72%
42°07'N - EuropePortugal
72%
37°21'N - AfricaTunisia
72%
41°54'N - EuropeVatican City
72%
43°00'N - AsiaNorth Korea
71%
37°05'N - AfricaAlgeria
70%
36°05'N - EuropeMalta
70%
42°50'N - AsiaTurkmenistan
70%
35°55'N - AfricaMorocco
69%
41°53'N - AsiaAzerbaijan
68%
41°17'N - AsiaArmenia
67%
32°43'N - North AmericaMexico
67%
33°10'N - AfricaLibya
66%
41°02'N - AsiaTajikistan
65%
31°36'N - AfricaEgypt
64%
39°47'N - AsiaIran
64%
27°16'N - North AmericaBahamas
63%
38°37'N - AsiaSouth Korea
63%
38°22'N - AsiaAfghanistan
62%
37°19'N - AsiaSyria
62%
37°23'N - AsiaIraq
61%
37°06'N - AsiaPakistan
60%
34°43'N - AsiaLebanon
58%
35°30'N - AsiaIndia
57%
26°20'N - AfricaMauritania
57%
23°16'N - North AmericaCuba
56%
33°17'N - AsiaIsrael
56%
35°42'N - AsiaCyprus
55%
33°22'N - AsiaJordan
55%
25°00'N - AfricaMali
55%
32°14'N - AsiaSaudi Arabia
55%
30°26'N - AsiaNepal
54%
19°55'N - North AmericaDominican Republic
53%
20°04'N - North AmericaHaiti
53%
28°20'N - AsiaBhutan
52%
23°30'N - AfricaChad
52%
30°06'N - AsiaKuwait
52%
23°31'N - AfricaNiger
52%
28°32'N - AsiaMyanmar
51%
18°31'N - North AmericaJamaica
50%
22°12'N - AfricaSudan
50%
15º40'N - South AmericaVenezuela
50%
18°29'N - North AmericaBelize
49%
26°17'N - AsiaBahrain
48%
26°23'N - AsiaTaiwan
48%
26°30'N - AsiaOman
47%
26°09'N - AsiaQatar
47%
26°05'N - AsiaUnited Arab Emirates
47%
23°22'N - Asia - first below Tropic of Cancer (23°26′21″N)Vietnam
47%
17°44'N - North AmericaAntigua and Barbuda
46%
26°38'N - AsiaBangladesh
46%
17°59'N - AfricaEritrea
46%
17°26'N - North AmericaSaint Kitts and Nevis
46%
17°15'N - North AmericaGuatemala
45%
22°29'N - AsiaLaos
45%
13°23'N - South AmericaColombia
44%
17°24′38″N - North AmericaHonduras
44%
21°07'N - AsiaPhilippines
44%
20°27'N - AsiaThailand
44%
19°00'N - AsiaYemen
44%
16°41'N - AfricaSenegal
40%
15°38'N - North AmericaDominica
39%
14°32'N - OceaniaMarshall Islands
39%
15°01'N - North AmericaNicaragua
39%
14°26'N - North AmericaEl Salvador
38%
08°24'N - South AmericaGuyana
38%
17°12'N - AfricaCape Verde
37%
06°01'N - South AmericaSuriname
37%
05°15'N - South AmericaBrazil
36%
14°53'N - AfricaEthiopia
36%
14°07'N - North AmericaSaint Lucia
36%
15°05'N - AfricaBurkina Faso
35%
11º13'N - North AmericaCosta Rica
35%
01°27'N - South AmericaEcuador
35%
00°01'S - South America - first below EquatorPeru
35%
13°22'N - North AmericaSaint Vincent and the Grenadines
35%
13°20'N - North AmericaBarbados
34%
09°38'N - North AmericaPanama
34%
11º21'N - North AmericaTrinidad and Tobago
34%
30°05'S - South AmericaUruguay
34%
14°30'N - AsiaCambodia
33%
12°31'N - North AmericaGrenada
33%
21°48'S - South AmericaArgentina
32%
17°19'S - South AmericaChile
32%
13°49'N - AfricaGambia
32%
09°40'S - South AmericaBolivia
31%
12°43'N - AfricaDjibouti
31%
10°05'N - OceaniaFederated States of Micronesia
31%
29°13'S - OceaniaNew Zealand
31%
19°33'S - South AmericaParaguay
31%
28°34'S - AfricaLesotho
30%
13°50'N - AfricaNigeria
30%
08°10'N - OceaniaPalau
30%
05°49'N - AsiaIndonesia
29%
07°15'N - AsiaMalaysia
29%
22°20'S - AfricaSouth Africa
29%
25°44'S - Africa - first below Tropic of Capricorn (23°26′21″S)Eswatini
28%
12°41'N - AfricaGuinea
28%
12°41'N - AfricaGuinea-Bissau
28%
17°46'S - AfricaBotswana
27%
05°04'N - AsiaBrunei
27%
13°05'N - AfricaCameroon
27%
02°03'N - OceaniaKiribati
27%
07°07'N - AsiaMaldives
27%
01°28'N - AsiaSingapore
27%
11°59'N - AfricaSomalia
27%
12°14'N - AfricaSouth Sudan
27%
09°30'N - AsiaSri Lanka
27%
12°25'N - AfricaBenin
26%
08°19'S - AsiaEast Timor
26%
00°30'S - OceaniaNauru
26%
01°15'S - OceaniaPapua New Guinea
26%
15°37'S - AfricaZimbabwe
26%
09°16'S - OceaniaAustralia
25%
11°01'N - AfricaCentral African Republic
25%
11°10'N - AfricaGhana
25%
16°56'S - AfricaNamibia
25%
11°08'N - AfricaTogo
25%
15°36'S - OceaniaTonga
25%
10°44'N - AfricaCote d'Ivoire
24%
05°22'N - AfricaDemocratic Republic of the Congo
24%
08°33'N - AfricaLiberia
24%
13°25'S - OceaniaSamoa
24%
10°00'N - AfricaSierra Leone
24%
05°13'S - OceaniaSolomon Islands
24%
05°39'S - OceaniaTuvalu
24%
13°07'S - OceaniaVanuatu
24%
12°30'S - OceaniaFiji
23%
05°35'N - AfricaKenya
23%
03°43'N - AfricaRepublic of the Congo
23%
04°14'N - AfricaUganda
23%
11°22'S - AfricaComoros
22%
03°47'N - AfricaEquatorial Guinea
22%
02°19'N - AfricaGabon
22%
12°08'S - AfricaMadagascar
22%
10°25'S - AfricaMauritius
22%
10°27'S - AfricaMozambique
22%
01°03'S - AfricaRwanda
22%
00°59'S - AfricaTanzania
22%
04°24'S - AfricaAngola
21%
02°18'S - AfricaBurundi
21%
09°22'S - AfricaMalawi
21%
01°42'N - AfricaSao Tome and Principe
21%
08°14'S - AfricaZambia
21%
03°43'S - AfricaSeychelles
20%

Score Distribution

Percentile by Number Answered

Percent of People with Each Score

Your Score History

You have not taken this quiz since the last reset